| 000 | 00446nam a22001577a 4500 | ||
|---|---|---|---|
| 005 | 20250625154028.0 | ||
| 008 | 250625b |||||||| |||| 00| 0 eng d | ||
| 020 | _a978-93-86906-67-0 | ||
| 041 | _aeng | ||
| 082 |
_a294.5360954 _bKUMB |
||
| 100 | _aMehrotra, Rahul and Dera, Phileep | ||
| 245 | _aKumbh Mela : Ek Kshanik Mahanagar Ka Pratichitran/Rahul Mehrotra | ||
| 260 |
_aNew Delhi: _bNiyogi Books, _c2019 |
||
| 300 | _a251p. | ||
| 942 | _cBK | ||
| 999 |
_c27865 _d27865 |
||